| 000 | 00852nac a22002411u 4500 | ||
|---|---|---|---|
| 010 | _a 2007924643 | ||
| 020 | _a9780735624139 (perfect bound) | ||
| 020 | _a0735624135 : | ||
| 082 |
_a005.2762 _bESP |
||
| 090 |
_c8727 _d8727 |
||
| 100 | _aEsposito, Dino, | ||
| 245 | 1 | 0 |
_aIntroducing Microsoft ASP.NET Ajax / _cDino Esposito. |
| 260 |
_aRedmond, WA : _bMicrosoft Press,2007. _cc2007. |
||
| 300 |
_axvi, 313 p. : _bill. ; _c23 cm. |
||
| 500 | _aIncludes index. | ||
| 500 | _a Distributer: Bacca | ||
| 511 | _aCatalogued by: Sara | ||
| 650 | 0 | _aAjax (Web site development technology) | |
| 650 | 0 |
_aApplication software _xDevelopment. |
|
| 650 | 0 | _aMicrosoft .NET. | |
| 942 |
_cBB _k005.2762 ESP |
||
| 999 |
_c8727 _d8727 |
||